| 000 | 02179nam a22003617a 4500 | ||
|---|---|---|---|
| 001 | 0009048 | ||
| 003 | KOHA_MİRAKIL | ||
| 005 | 20260207001657.0 | ||
| 007 | ta | ||
| 008 | 091120b2009 tu |||gr||||#0|||0|tur | | ||
| 020 |
_a9752634907 _c8,45 |
||
| 040 |
_aTR-BiSEU _btur _cTR-BiSEU _erda |
||
| 041 | 0 | _atur | |
| 044 | _ctu | ||
| 050 |
_aDR486 _b.O78 2009 |
||
| 100 | 1 | _aOrtaylı, İlber. | |
| 245 | 1 |
_aSon imparatorluk Osmanlı/ _cİlber Ortaylı ; İlber Ortaylı. |
|
| 250 | _a7. bs. | ||
| 264 | 1 |
_aİstanbul : _bTimaş Yayınları _c2009 |
|
| 300 | _a205 sayfa: resimli; 21 cm. | ||
| 336 |
_ametin _btxt _2rdacontent |
||
| 337 |
_aaracısız _bn _2rdamedia |
||
| 338 |
_acilt _bnc _2rdacarrier |
||
| 490 | 1 |
_aTimaş yayınları ; _v1570. |
|
| 490 | 1 |
_aOsmanlıyı Tarih Dizisi ; _v13. |
|
| 505 |
_a"Osmanlı İmparatorluğu tarihin gerçek anlamdaki son üniversal, yani beynelmilel, cihanşümul imparatorluğudur. _xAkdeniz havzasındaki üç tarihî imparatorluktan birini kuranların torunları ve çocuklarıyız. Osmanlı'nın tarihini, kimliğini bilmek ve anlamak kolay değil; bütün etrafımızı, yani yeryüzünün en esaslı uygarlıklarını tanımamız, incelememiz, Osmanlı'nın kurumlarını, anlayışını, olaylara bakışını bilmemiz lazım. Osmanlı'yı tanıdıkça, araştırdıkça, okudukça kendimdaha çok sevecek ve tarihimize daha çok ısınacağız. _xŞüphesiz elinizdeki bu kitap da bu konuda okura yardımcı olma ve Osmanlı'ya dair yeni ufuklar açma iddiasındadır." _xİlber Ortaylı _x _xGeçmişten geleceğe tarihî gelişmelere ışık tutarken, tarihin bıraktığı izleri irdeleyen İlber Ortaylı Osmanlı'yı keşfetmeye devam ediyor. Ortaylı, bu sefer okuru Osmanlı'yı "son imparatorluk" yapan yönetim şekli, devletlerle olan ilişkileri, farklı kültürlere, dinlere yaklaşımı ve kurumlarıyla kısacası kendine özgü kimliğiyle keşfetmeye davet ediyor. |
||
| 650 | 0 |
_aTürkiye--Tarih 1299-1918. _98179 |
|
| 650 | 0 |
_aOsmanlı İmparatorluğu. _94903 |
|
| 830 | 1 |
_aTimaş yayınları ; _v1570. _98079 |
|
| 830 | 1 |
_aOsmanlıyı Tarih Dizisi ; _v13. _922580 |
|
| 907 | _aTarih | ||
| 942 |
_2lcc _cBK |
||
| 999 |
_c9020 _d9020 |
||